Evangelicals and liberation / (Record no. 5084)

MARC details
000 -LEADER
fixed length control field 01497cam a2200301Ii 4500
001 - CONTROL NUMBER
control field 23191
003 - CONTROL NUMBER IDENTIFIER
control field GBCCL
005 - DATE AND TIME OF LATEST TRANSACTION
control field 20241126110533.0
008 - FIXED-LENGTH DATA ELEMENTS--GENERAL INFORMATION
fixed length control field 780302s1977 pau 100 0 eng d
010 ## -
-- 77070932
035 ## - SYSTEM CONTROL NUMBER
System control number (OCoLC)03682969
040 ## - CATALOGING SOURCE
Original cataloging agency BCT
Transcribing agency BCT
Modifying agency CBC
049 ## -
-- LBBK
082 ## - DEWEY DECIMAL CLASSIFICATION NUMBER
Classification number 230.0464
Item number EVA
092 ## - LOCALLY ASSIGNED DEWEY CALL NUMBER (OCLC)
Classification number 230.08
Item number A728
100 1# - MAIN ENTRY--PERSONAL NAME
Personal name Armerding, Carl Edwin,
Dates associated with a name 1936-
9 (RLIN) 9158
245 10 - TITLE STATEMENT
Title Evangelicals and liberation /
Statement of responsibility, etc. edited by Carl E. Armerding ; [contributors], Harvie M. Conn [et al.].
260 ## - PUBLICATION, DISTRIBUTION, ETC.
Place of publication, distribution, etc. Nutley, N.J. :
Name of publisher, distributor, etc. Presbyterian and Reformed Pub. Co.,
Date of publication, distribution, etc. 1979.
300 ## - PHYSICAL DESCRIPTION
Extent ix, 136 p. ;
Dimensions 21 cm.
440 #0 - SERIES STATEMENT/ADDED ENTRY--TITLE
Title Studies in the world church and missions ;
Volume/sequential designation 6
9 (RLIN) 9159
500 ## - GENERAL NOTE
General note Papers presented in April, 1976, to the annual conference of the Evangelical Theological Society of Canada.
504 ## - BIBLIOGRAPHY, ETC. NOTE
Bibliography, etc. note Includes bibliographical references.
505 0# - FORMATTED CONTENTS NOTE
Formatted contents note Hamilton, K. Liberation theology: an overview.--Knapp, S. C. A preliminary dialogue with Guti�errez' A theology of liberation.--Armerding, C. E. Exodus: the Old Testament foundation of liberation.--Conn, H. M. The mission of the church.--Conn, H. M. Contextualization: where do we begin?--Hamilton, K. Liberation theology: lessons positive and negative.--Pinnock, C. H. A call for the liberation of North American Christians.
650 #0 - SUBJECT ADDED ENTRY--TOPICAL TERM
Topical term or geographic name entry element Liberation theology
General subdivision Congresses.
9 (RLIN) 9160
700 1# - ADDED ENTRY--PERSONAL NAME
Personal name Conn, Harvie M.
9 (RLIN) 2403
710 2# - ADDED ENTRY--CORPORATE NAME
Corporate name or jurisdiction name as entry element Evangelical Theological Society of Canada.
9 (RLIN) 9161
942 ## - ADDED ENTRY ELEMENTS (KOHA)
Source of classification or shelving scheme Dewey Decimal Classification
Koha item type Books
Koha issues (borrowed), all copies 3
Holdings
Withdrawn status Lost status Source of classification or shelving scheme Damaged status Not for loan Home library Current Library Shelving location Date acquired Total checkouts Full call number Barcode Date last seen Date last checked out Copy number Price effective from Koha item type
    Dewey Decimal Classification     GRACE BIBLE COLLEGE GRACE BIBLE COLLEGE Theology 2018-02-26 5 230.0464 EVA 007137 2026-01-29 2026-01-22 c.1 2018-02-26 Books
© Grace Bible College Library 2025